01348nam a2200265 a 4500001001000000005001700010008004100027041000800068044000700076084002200083245005700105260001700162300002600179500004500205500033100250500004700581500004300628500002800671500009000699506009200789546004000881600004300921651006300964651005501027BRCA_495120190320204856.0221010s1700----sp-######v---#000-0#spa-# aspa asp aDOC51b.D63c170010aDocumento firmado por el [Rey Carlos II]cCarlos II. aMadridc1700 a[7] fojasc30 x 21 cm aDocumento firmado el 11 de abril de 1700 aComunicación dirigida al Obispo de Puebla de los Ángeles con el Breve de su Santidad informándole que se ha servido concederle el subsidio de un millón de Ducados para la guerra contra los herejes (escoceses) encargándole de su excusión y cumplimiento, arreglándose a la instrucción que también se le remite. a[Real cédula] firmado como ´Yo el Rey´ aEl documento tiene la leyenda DOC. #61 aPapel con marca de agua aEstado de conservación: Contiene acidificación, esta maltratado en los márgenes0 aFondo reservado: para su consulta es necesario credencial de usuario y carta de motivos aTexto en: español del siglo XVIII14aCarlosbIIcRey de Españad1661-1700 4aEspañavManuscritoxHistoriayCasa de Austria, 1515-1700 4aMéxicovManuscritoxHistoriayColonia, 1521-1821